<?xml version="1.0" encoding="UTF-8"?>
<record
    xmlns:xsi="http://www.w3.org/2001/XMLSchema-instance"
    xsi:schemaLocation="http://www.loc.gov/MARC21/slim http://www.loc.gov/standards/marcxml/schema/MARC21slim.xsd"
    xmlns="http://www.loc.gov/MARC21/slim">

  <leader>00987nam a2200205Ia 4500</leader>
  <controlfield tag="001">6554</controlfield>
  <controlfield tag="008">260430s9999    xx            000 0 und d</controlfield>
  <datafield tag="020" ind1=" " ind2=" ">
    <subfield code="a">9781590201077</subfield>
  </datafield>
  <datafield tag="245" ind1=" " ind2="0">
    <subfield code="a">In the Footsteps of Abraham: </subfield>
    <subfield code="b">The Holy Land in Hand-Painted Photographs/ </subfield>
    <subfield code="c">Richard Hardiman, Helen Speelman</subfield>
  </datafield>
  <datafield tag="260" ind1=" " ind2=" ">
    <subfield code="a">NY; Woodstuck and London; </subfield>
    <subfield code="b">Overlook Duckworth, Peter Mayer Publishers; </subfield>
    <subfield code="c">2008</subfield>
  </datafield>
  <datafield tag="300" ind1=" " ind2=" ">
    <subfield code="a">384p; </subfield>
    <subfield code="c">29x30cm</subfield>
  </datafield>
  <datafield tag="520" ind1=" " ind2=" ">
    <subfield code="a">A visual and historical exploration of the Holy Land through early 20th-century photographs, many hand-colored from glass lantern slides commissioned by Ari Speelman. The work documents landscapes, religious sites, and diverse communities, reflecting the region&#x2019;s significance to the Abrahamic faiths and its pre-modern transformation.</subfield>
  </datafield>
  <datafield tag="546" ind1=" " ind2=" ">
    <subfield code="a">English</subfield>
  </datafield>
  <datafield tag="648" ind1=" " ind2=" ">
    <subfield code="a">1900BCE</subfield>
    <subfield code="9">9389</subfield>
  </datafield>
  <datafield tag="650" ind1=" " ind2=" ">
    <subfield code="a">Prophet Ibrahim</subfield>
    <subfield code="9">9390</subfield>
  </datafield>
  <datafield tag="650" ind1=" " ind2=" ">
    <subfield code="a">TR624-835 Technology- Applied Photography</subfield>
  </datafield>
  <datafield tag="650" ind1=" " ind2=" ">
    <subfield code="a">Travels</subfield>
    <subfield code="9">9391</subfield>
  </datafield>
  <datafield tag="651" ind1=" " ind2=" ">
    <subfield code="a">Levant</subfield>
    <subfield code="9">3306</subfield>
  </datafield>
  <datafield tag="942" ind1=" " ind2=" ">
    <subfield code="c">BK</subfield>
  </datafield>
  <datafield tag="999" ind1=" " ind2=" ">
    <subfield code="c">6554</subfield>
    <subfield code="d">6554</subfield>
  </datafield>
  <datafield tag="952" ind1=" " ind2=" ">
    <subfield code="0">0</subfield>
    <subfield code="1">0</subfield>
    <subfield code="4">0</subfield>
    <subfield code="7">0</subfield>
    <subfield code="8">T</subfield>
    <subfield code="a">SAFL </subfield>
    <subfield code="b">PHGAL</subfield>
    <subfield code="d">2026-04-27</subfield>
    <subfield code="l">0</subfield>
    <subfield code="o">TR624-835 120.447</subfield>
    <subfield code="p">6554</subfield>
    <subfield code="r">2026-04-30</subfield>
    <subfield code="w">2026-04-30</subfield>
    <subfield code="y">BK</subfield>
  </datafield>
</record>
